Statistics for Chain Geography #2

Click here to take the quiz!

General Stats

  • This quiz has been taken 59 times
  • The average score is 8 of 10

Answer Stats

HintAnswer% Correct
Country owning GreenlandDenmark
100%
Country with capital of ReykjavikIceland
96%
Country with capital of BerlinGermany
95%
European country with a capital named after itselfLuxembourg
89%
Second most populous city in PolandKrakow
85%
Country with capital of KathmanduNepal
85%
Country which encloses GambiaSenegal
80%
UK division with capital of ScotlandWales
69%
Sea bordering YemenArabian
60%
Capital of SloveniaLjubljana
56%

Score Distribution

Percentile by Number Answered

Percent of People with Each Score

Your Score History

You have not taken this quiz